[Event "ISR-chT 13"]
[Site "Israel"]
[Date "2013.01.18"]
[Round "7.3"]
[White "Popilski, Gil"]
[Black "Manor, Ilan"]
[Result "1-0"]
[WhiteElo "2518"]
[BlackElo "2476"]
[PlyCount "75"]
[EventDate "2012.12.21"]
[EventType "team"]
[EventRounds "11"]
[EventCountry "ISR"]
[SourceTitle "EXT 2014"]
[Source "ChessBase"]
[SourceDate "2013.11.20"]
[SourceVersion "1"]
[SourceVersionDate "2013.11.20"]
[SourceQuality "1"]

1. d4 Nf6 2. c4 c5 3. d5 b5 4. cxb5 a6 5. bxa6 Bxa6 6. Nc3 d6 7. Nf3 g6 8. g3 Bg7 9. Bg2 Nbd7 10. Rb1 0-0 11. 0-0 Nb6 12. b3 Bb7 13. Ne1 Ng4 14. Bb2 Bxc3 15. Bxc3 Rxa2 16. e4 Nf6 17. Nc2 Ba6 18. Re1 Bb5 19. Ne3 Nbd7 20. Ra1 Rxa1 21. Qxa1 e5 22. dxe6 fxe6 23. e5 Nxe5 24. Bxe5 dxe5 25. Qxe5 Qd4 26. Qxe6+ Kg7 27. Rd1 Re8 28. Qb6 Qxd1+ 29. Nxd1 Re1+ 30. Bf1 Bxf1 31. Qc7+ Kg8 32. Qd8+ Kf7 33. Qd2 Re2 34. Qc3 Bh3 35. Qc4+ Re6 36. Ne3 Ne4 37. f3 Nd2 38. Qd5 1-0

[Event "ISR-chT 13"]
[Site "Israel"]
[Date "2012.12.28"]
[Round "3.3"]
[White "Golod, Vitali"]
[Black "Manor, Ilan"]
[Result "1-0"]
[WhiteElo "2565"]
[BlackElo "2476"]
[PlyCount "75"]
[EventDate "2012.12.21"]
[EventType "team"]
[EventRounds "11"]
[EventCountry "ISR"]
[SourceTitle "EXT 2014"]
[Source "ChessBase"]
[SourceDate "2013.11.20"]
[SourceVersion "1"]
[SourceVersionDate "2013.11.20"]
[SourceQuality "1"]

1. d4 Nf6 2. c4 g6 3. Nc3 d5 4. cxd5 Nxd5 5. Na4 Bg7 6. e4 Nb6 7. Nf3 0-0 8. Be3 Nxa4 9. Qxa4 c5 10. Rd1 Qb6 11. Rd2 Bd7 12. Qa3 cxd4 13. Nxd4 Rc8 14. Nb3 Qc7 15. Be2 Bc6 16. f3 Be5 17. Kf2 b6 18. Nd4 Bd6 19. Qb3 Bxh2 20. Ne6 Qe5 21. f4 Qxe6 22. Qxe6 fxe6 23. Bc4 Bd7 24. Bb3 a5 25. a4 Bxf4 26. Bxf4 Rf8 27. Ke3 Bc8 28. Rc2 Bd7 29. Rd1 Be8 30. Rd8 Bd7 31. Rxd7 Nxd7 32. Bxe6+ Kg7 33. Bxd7 Rad8 34. Rd2 Rf7 35. g3 h6 36. Rd5 g5 37. Bc7 Rdf8 38. Bf5 1-0

[Event "ISR-chT"]
[Site "Israel"]
[Date "2010.05.07"]
[Round "9.1"]
[White "Manor, Ilan"]
[Black "Zifroni, Dov"]
[Result "1/2-1/2"]
[WhiteElo "2486"]
[BlackElo "2472"]
[PlyCount "54"]
[EventDate "2010.01.29"]
[EventType "team"]
[EventRounds "11"]
[EventCountry "ISR"]
[SourceTitle "EXT 2011"]
[Source "ChessBase"]
[SourceDate "2010.11.26"]
[SourceVersion "1"]
[SourceVersionDate "2010.11.26"]
[SourceQuality "1"]
[WhiteTeam "Tel Aviv Shlomo Har Zvi"]
[BlackTeam "Herzliya"]
[WhiteTeamCountry "ISR"]
[BlackTeamCountry "ISR"]

1. d4 d5 2. c4 c6 3. Nf3 Nf6 4. Nc3 dxc4 5. a4 Bf5 6. Ne5 Nbd7 7. Nxc4 Nb6 8. Ne3 Bg6 9. a5 Nbd5 10. Qb3 e6 11. Nexd5 Nxd5 12. Nxd5 Qxd5 13. Qxb7 Rd8 14. Bd2 Bc5 15. e3 0-0 16. Rc1 Rb8 17. Qa6 Bb4 18. Bxb4 Rxb4 19. Qxa7 Rxb2 20. Qc5 Qe4 21. Qe5 Qh4 22. g3 Qg4 23. Qf4 Qh5 24. Bc4 Qxa5+ 25. Kf1 c5 26. d5 Qd2 27. Kg2 exd5 1/2-1/2

[Event "ISR-chT"]
[Site "Israel"]
[Date "2010.04.23"]
[Round "7.1"]
[White "Oleksienko, Mikhailo"]
[Black "Manor, Ilan"]
[Result "1/2-1/2"]
[WhiteElo "2546"]
[BlackElo "2486"]
[PlyCount "69"]
[EventDate "2010.01.29"]
[EventType "team"]
[EventRounds "11"]
[EventCountry "ISR"]
[SourceTitle "EXT 2011"]
[Source "ChessBase"]
[SourceDate "2010.11.26"]
[SourceVersion "1"]
[SourceVersionDate "2010.11.26"]
[SourceQuality "1"]
[WhiteTeam "Jerusalem JeruChess"]
[BlackTeam "Tel Aviv Shlomo Har Zvi"]
[WhiteTeamCountry "ISR"]
[BlackTeamCountry "ISR"]

1. d4 Nf6 2. c4 g6 3. Nc3 d5 4. cxd5 Nxd5 5. Bd2 Bg7 6. e4 Nb6 7. Be3 0-0 8. h3 Nc6 9. Nf3 f5 10. exf5 Bxf5 11. Qb3+ Kh8 12. d5 Ne5 13. Nxe5 Bxe5 14. g4 Bd7 15. Rd1 Qe8 16. Bg2 Na4 17. Bd4 Bxd4 18. Rxd4 Nc5 19. Qa3 e5 20. Rd2 b6 21. 0-0 Qf7 22. d6 Qf4 23. Rdd1 c6 24. b4 Ne6 25. b5 Nd4 26. bxc6 Nf3+ 27. Bxf3 Qxf3 28. Nb5 Bxc6 29. Qxf3 Rxf3 30. d7 Rd8 31. Nxa7 Ba4 32. Rc1 Rxd7 33. Nc6 Bxc6 34. Rxc6 Rxh3 35. Rxb6 1/2-1/2

[Event "ISR-chT 0809"]
[Site "Israel"]
[Date "2009.01.09"]
[Round "5"]
[White "Manor, Ilan"]
[Black "Jirka, Jiri"]
[Result "1-0"]
[WhiteElo "2490"]
[BlackElo "2448"]
[PlyCount "67"]
[EventDate "2008.12.12"]
[EventType "team-tourn"]
[EventRounds "11"]
[EventCountry "ISR"]
[SourceTitle "EXT 2010"]
[Source "ChessBase"]
[SourceDate "2010.11.25"]
[SourceVersion "1"]
[SourceVersionDate "2010.11.25"]
[SourceQuality "1"]

1. Nf3 d5 2. c4 c6 3. b3 Nf6 4. Bb2 g6 5. cxd5 cxd5 6. Bxf6 exf6 7. e3 Nc6 8. d4 Qa5+ 9. Nfd2 Bf5 10. Be2 Nb4 11. 0-0 Nc2 12. g4 Nxa1 13. gxf5 Rc8 14. a3 Bd6 15. Bd3 0-0 16. Kh1 Rc7 17. b4 Qb6 18. Qf3 Rfc8 19. b5 Bf8 20. Qxd5 Qd6 21. Qa2 Nc2 22. Qb3 Nxa3 23. Ne4 Qe7 24. Nbc3 Rd7 25. Nd5 Rxd5 26. Qxd5 Nc2 27. fxg6 hxg6 28. Rg1 Nb4 29. Qf5 Nxd3 30. Nxf6+ Kg7 31. Nh5+ Kh8 32. Qxc8 Qe4+ 33. Rg2 Nxf2+ 34. Kg1 1-0

[Event "ISR-chT 0809"]
[Site "Israel"]
[Date "2008.12.19"]
[Round "3"]
[White "Kovalev, Andrei"]
[Black "Manor, Ilan"]
[Result "1-0"]
[WhiteElo "2550"]
[BlackElo "2490"]
[PlyCount "95"]
[EventDate "2008.12.12"]
[EventType "team-tourn"]
[EventRounds "11"]
[EventCountry "ISR"]
[SourceTitle "EXT 2010"]
[Source "ChessBase"]
[SourceDate "2010.11.25"]
[SourceVersion "1"]
[SourceVersionDate "2010.11.25"]
[SourceQuality "1"]

1. e4 c5 2. Nf3 e6 3. Nc3 Nc6 4. d4 cxd4 5. Nxd4 Nf6 6. Ndb5 d6 7. Bf4 e5 8. Bg5 a6 9. Na3 b5 10. Nd5 Be7 11. Bxf6 Bxf6 12. c4 b4 13. Nc2 a5 14. g3 0-0 15. Bg2 Bg5 16. 0-0 Be6 17. h4 Bh6 18. b3 Nb8 19. a3 bxa3 20. Nxa3 Na6 21. Nb5 Kh8 22. Ra3 Nc5 23. Ndc7 Rb8 24. Qxd6 Qxd6 25. Nxd6 Bd2 26. Rb1 Bb4 27. Ra2 Rbd8 28. Ndb5 Rd3 29. Rab2 Bg4 30. Nd5 Bd1 31. Na7 Rxb3 32. Rxb3 Bxb3 33. Nxb4 axb4 34. Nc6 Rc8 35. Nxe5 f6 36. Nf7+ Kg8 37. Nd6 Rb8 38. Nb5 Rd8 39. Bf3 Rd3 40. Be2 Rd2 41. Kf1 Kf7 42. Nc7 Ra2 43. f3 Ra3 44. Nd5 Ra4 45. Kf2 Ke6 46. Rb2 Kd6 47. g4 Kc6 48. g5 1-0

[Event "ISR-chT 08"]
[Site "Israel"]
[Date "2008.03.28"]
[Round "4.1"]
[White "Roiz, Michael"]
[Black "Manor, Ilan"]
[Result "1-0"]
[WhiteElo "2659"]
[BlackElo "2490"]
[PlyCount "67"]
[EventDate "2007.12.26"]
[EventType "tourn"]
[EventRounds "11"]
[EventCountry "ISR"]
[SourceTitle "EXT 2009"]
[Source "ChessBase"]
[SourceDate "2008.11.26"]
[SourceVersion "1"]
[SourceVersionDate "2008.11.26"]
[SourceQuality "1"]
[WhiteTeam "Beer Sheva"]
[BlackTeam "Tel Aviv Moshe Czerniak"]
[WhiteTeamCountry "ISR"]
[BlackTeamCountry "ISR"]

1. Nf3 g6 2. e4 Bg7 3. d4 d6 4. Bd3 Nf6 5. 0-0 0-0 6. Re1 Nbd7 7. c3 e5 8. h3 Re8 9. Nbd2 h6 10. a4 a5 11. Bc2 b6 12. Nf1 Bb7 13. Ng3 d5 14. dxe5 Nxe4 15. Nxe4 dxe4 16. Bxe4 Bxe4 17. Rxe4 Nxe5 18. Bf4 Nxf3+ 19. Qxf3 Qd7 20. Rae1 b5 21. Bxc7 bxa4 22. Be5 Bxe5 23. Rxe5 Rad8 24. Qf6 Rxe5 25. Rxe5 Re8 26. c4 Rxe5 27. Qxe5 Qd1+ 28. Kh2 Qc2 29. c5 h5 30. Qe8+ Kg7 31. c6 Qxf2 32. Qe5+ f6 33. Qd6 f5 34. c7 1-0

[Event "ISR-chT"]
[Site "Israel"]
[Date "2007.04.28"]
[Round "10.1"]
[White "Manor, Ilan"]
[Black "Porat, Ido"]
[Result "1-0"]
[WhiteElo "2480"]
[BlackElo "2348"]
[PlyCount "69"]
[EventDate "2007.01.11"]
[EventType "team-tourn"]
[EventRounds "11"]
[EventCountry "ISR"]
[SourceTitle "EXT 2009"]
[Source "ChessBase"]
[SourceDate "2008.11.26"]
[SourceVersion "1"]
[SourceVersionDate "2008.11.26"]
[SourceQuality "1"]
[WhiteTeam "Tel Aviv Moshe Czerniak"]
[BlackTeam "Porat Mathematics"]
[WhiteTeamCountry "ISR"]
[BlackTeamCountry "ISR"]

1. d4 d5 2. c4 Nc6 3. g3 Bf5 4. Bg2 e6 5. cxd5 exd5 6. Nh3 Nb4 7. 0-0 Nf6 8. Nc3 Nc2 9. e4 Bxh3 10. Qxc2 Bxg2 11. Kxg2 dxe4 12. Bg5 c6 13. d5 Be7 14. dxc6 bxc6 15. Bxf6 Bxf6 16. Qxe4+ Kf8 17. Qxc6 Rc8 18. Qf3 Bxc3 19. bxc3 Qf6 20. Qxf6 gxf6 21. Rac1 Rg8 22. Rfd1 Rg5 23. Rd7 a5 24. Rb1 Rxc3 25. Rbb7 Kg7 26. Rxf7+ Kg6 27. Rxh7 Rc2 28. h4 Re5 29. g4 f5 30. g5 f4 31. Kf3 Kf5 32. Rhf7+ Ke6 33. Rfe7+ Kf5 34. Rxe5+ Kxe5 35. Rb5+ 1-0